1443 1632 1094 1028 1105 1458 1962 1690 1348 1732 1855 1740 1292 1603 1968 1036 1508 1160 1647 1409 1938 1252 1704 1889 1053 1734 1700 1603 1528 1494 1605 1906 1199 1716 1255 1599 1993 1092 1793 1748 1603 1753 1956 1294 1562 1979 1319 1280 1951 1366 1121 1399 1816 1811 1473 1454 1040 1378 1563 1480 1461 1292 1342 1299 1569 1499 1630 1804 1390 1053 1172 1940 1714 1208 1990 1401 1146 1230 1266 1782 1195 1525 1178 1270 1943 1433 1831 1327 1690 1821 1223 1130 1916 1858 1891 1015 1920 1911 1869 BCNSPRNW ULIB Ver.6.0+V

เปลี่ยนเป็นภาษาไทย

Change to English
 แสดงรายละเอียดบรรณานุกรม
  กลับหน้าหลัก

Brief Record : Get Marc (ISO 2709) : E-mail record : QR code < ปิดหน้าต่าง
LEADER : 00000nam 2200000uu 4500
001    13399125612
003     ULIB
008    170711s2558||||th 000 0 tha d
020    ^a9786160429349
060  0 ^aQZ266^bส734ข
100 0  ^aสี่ว์, ต๋าฟู
245 00 ^aขอบคุณที่ยังไม่ตาย /^cสี่ว์, ต๋าฟู
260    ^aกรุงเทพฯ :^bอินสปายร์,^c2558
300    ^a328 หน้า ; ^c21 ซม.
650  0 ^aมะเร็ง--การรักษา^Xมะเร็ง--ผู้ป่วย--การดำเนินชีวิต
945    ^p0^l0^i002566
999    ^aประนอม เกษจรัล
รายการนี้ยังไม่มีแท็ก
คุณยังไม่ได้ล็อกอิน คุณสามารถมีกิจกรรมร่วมกับเว็บไซต์ได้ แต่ต้องล็อกอินก่อน ::
  ล็อกอิน

รายการสื่อสารสนเทศ

ลำดับที่ ประเภท เลขเรียก/บาร์โค้ด สถานที่ สถานะ
1. วิทยาศาสตร์การแพทย์ และสุขภาพ
วิทยาศาสตร์การแพทย์ และสุขภาพ
สถานะ=หนังสือเก่า
QZ266 ส734ข ฉ.1 
  Barcode: 002566
ห้องสมุดวิทยาเขตสวรรค์ประชารักษ์
►ส่วนจัดเก็บหนังสือเก่า สปร
บนชั้น
  ขอยืม

รายการใกล้เคียง
    ผู้แต่ง [สี่ว์, ต๋าฟู]

    หัวเรื่อง [มะเร็ง--การรักษา^Xมะเร็ง--ผู้ป่วย--การดำเนินชีวิต]

BibComment


ยังไม่เคยถูกคอมเมนท์

คอมเมนท์ทรัพยากรรายการนี้
  คอมเมนท์: ขอบคุณที่ยังไม่ต..


 Copyright 2026. Bcnsprnw @Library